000 00479nam a22001697a 4500
005 20251108173234.0
008 250721s2005 xx 000 0 ara d
082 1 4 _a736.4/إبر
100 1 _aإبراهيم، موسى
245 1 0 _aفن الحفر على الخشب /
264 1 _aعمان :
_bدار الإسراء للنشر والتوزيع،
_c2005.
300 _a79ص
650 1 7 _aحفر الخشب
650 1 7 _aالفنون
942 _2ddc
_cBK
999 _c99292
_d99292